Význam reklamy v cestovnom ruchu bakalárska práca

Uložené v:
Podrobná bibliografia
Hlavný autor: Mészárosová, Monika
Korporativný autor: Obchodná fakulta EU. Katedra obchodného práva
Ďalší autori: Kropaj, Marián, 1983-
Médium: Kniha
Jazyk:Slovak
Vydavateľské údaje: Bratislava 2018
Tagy: Pridať tag
Žiadne tagy, Buďte prvý, kto otaguje tento záznam!

MARC

LEADER 00000nbm a2200000 4500
001 0245088
005 20180730130500.0
041 0 |a slo 
044 |a SK 
245 1 0 |a Význam reklamy v cestovnom ruchu  |b bakalárska práca  |c Monika Mészárosová ; školiteľ: Marian Kropaj 
264 1 |a Bratislava  |c 2018 
300 |a 49 s. 
100 1 |a Mészárosová, Monika 
700 1 |a Kropaj, Marián, 1983- 
710 2 |a Obchodná fakulta EU. Katedra obchodného práva